[Event "RUS-ch 67th"]
[Site "Kazan"]
[Date "2014.12.07"]
[Round "9"]
[White "Grachev, Boris V"]
[Black "Lysyj, Igor"]
[Result "1/2-1/2"]
[WhiteElo "2669"]
[BlackElo "2686"]
[PlyCount "81"]
[EventDate "2014.11.28"]
[EventType "tourn"]
[EventRounds "9"]
[EventCountry "RUS"]
[EventCategory "19"]
[SourceTitle "CBM 164"]
[Source "ChessBase"]
[SourceDate "2015.01.15"]
[SourceVersion "1"]
[SourceVersionDate "2015.01.15"]
[SourceQuality "1"]

1. d4 Nf6 2. c4 e6 3. Nf3 b6 4. g3 Bb7 5. Bg2 Be7 6. O-O O-O 7. Nc3 Ne4 8. Bd2
Bf6 9. Ne5 Nxc3 10. Bxc3 Bxg2 11. Kxg2 c5 12. dxc5 bxc5 13. Qd6 Qb6 14. Rfd1
Rd8 15. e3 Nc6 16. Nxc6 dxc6 17. Qf4 Bxc3 18. bxc3 Rxd1 19. Rxd1 Rd8 20. Rxd8+
Qxd8 21. Qe5 Qb6 22. h4 h6 23. Qd6 h5 24. Qd7 g6 25. Qe8+ Kg7 26. Qc8 a5 27.
Qa8 Qc7 28. Qa6 f5 29. Qa8 e5 30. Qe8 Qd6 31. a4 Kf6 32. Qa8 f4 33. exf4 exf4
34. gxf4 Kf5 35. Qxa5 Qe7 36. Kf1 Qd6 37. Kg2 Qe7 38. Qa8 Qe4+ 39. Kg1 Qe1+ 40.
Kg2 Qe4+ 41. Kg1 1/2-1/2

[Event "RUS-ch 67th"]
[Site "Kazan"]
[Date "2014.12.05"]
[Round "7"]
[White "Grachev, Boris V"]
[Black "Karjakin, Sergey"]
[Result "1/2-1/2"]
[WhiteElo "2669"]
[BlackElo "2770"]
[PlyCount "82"]
[EventDate "2014.11.28"]
[EventType "tourn"]
[EventRounds "9"]
[EventCountry "RUS"]
[EventCategory "19"]
[SourceTitle "CBM 164"]
[Source "ChessBase"]
[SourceDate "2015.01.15"]
[SourceVersion "1"]
[SourceVersionDate "2015.01.15"]
[SourceQuality "1"]

1. d4 Nf6 2. c4 e6 3. Nf3 b6 4. g3 Ba6 5. b3 Bb4+ 6. Bd2 Be7 7. Bg2 c6 8. Bc3
d5 9. Nbd2 Nbd7 10. e4 Nxe4 11. Nxe4 dxe4 12. Ne5 Nxe5 13. dxe5 Qxd1+ 14. Rxd1
Rd8 15. Bxe4 Rxd1+ 16. Kxd1 Kd7 17. Kc2 Kc7 18. Rd1 h5 19. Rd3 c5 20. h3 Rd8
21. Rxd8 Bxd8 22. h4 Bb7 23. Kd3 Be7 24. Bxb7 Kxb7 25. Ke4 Kc6 26. f3 Kd7 27.
Be1 Kc6 28. Bf2 Kd7 29. Be1 Kc6 30. g4 g6 31. Bg3 Kd7 32. gxh5 gxh5 33. f4 f5+
34. exf6 Bxf6 35. f5 Bd8 36. Be1 Bf6 37. Bf2 Ke7 38. a4 Kd6 39. Be1 Kd7 40. Bg3
Bd8 41. Bf2 Bf6 1/2-1/2

[Event "RUS-ch 67th"]
[Site "Kazan"]
[Date "2014.12.02"]
[Round "5"]
[White "Grachev, Boris V"]
[Black "Vitiugov, Nikita"]
[Result "1/2-1/2"]
[WhiteElo "2669"]
[BlackElo "2738"]
[PlyCount "107"]
[EventDate "2014.11.28"]
[EventType "tourn"]
[EventRounds "9"]
[EventCountry "RUS"]
[EventCategory "19"]
[SourceTitle "CBM 164"]
[Source "ChessBase"]
[SourceDate "2015.01.15"]
[SourceVersion "1"]
[SourceVersionDate "2015.01.15"]
[SourceQuality "1"]

1. d4 d5 2. c4 c6 3. Nf3 Nf6 4. e3 Bg4 5. Bd3 e6 6. Nbd2 Nbd7 7. O-O Bd6 8. h3
Bh5 9. Re1 O-O 10. e4 Bg6 11. Qc2 dxe4 12. Nxe4 Nxe4 13. Bxe4 Bxe4 14. Qxe4 Nf6
15. Qc2 a5 16. b3 a4 17. bxa4 Qa5 18. Rb1 Rfb8 19. Bg5 Qxa4 20. Qxa4 Rxa4 21.
Ne5 Bxe5 22. dxe5 h6 23. Bxf6 gxf6 24. exf6 Rxc4 25. Rb6 Kh7 26. Reb1 Kg6 27.
Rxb7 Rxb7 28. Rxb7 Rc1+ 29. Kh2 Rc2 30. Kg3 Rxa2 31. Rb4 Ra5 32. Rc4 Rg5+ 33.
Kf3 c5 34. Ra4 Kxf6 35. Ra7 Rd5 36. Rc7 h5 37. Ke3 h4 38. g3 hxg3 39. fxg3 Kg6
40. g4 f5 41. Rc8 Kg5 42. Rg8+ Kh4 43. Kf3 Rd3+ 44. Kf4 Rd4+ 45. Kf3 c4 46. Re8
c3 47. Rc8 Rd3+ 48. Kf4 Kxh3 49. gxf5 exf5 50. Kxf5 Kg2 51. Ke4 Rh3 52. Kd4 Kf2
53. Rxc3 Rxc3 54. Kxc3 1/2-1/2

[Event "RUS-ch 67th"]
[Site "Kazan"]
[Date "2014.11.28"]
[Round "1"]
[White "Grachev, Boris V"]
[Black "Svidler, Peter"]
[Result "1/2-1/2"]
[WhiteElo "2669"]
[BlackElo "2743"]
[PlyCount "67"]
[EventDate "2014.11.28"]
[EventType "tourn"]
[EventRounds "9"]
[EventCountry "RUS"]
[EventCategory "19"]
[SourceTitle "CBM 164"]
[Source "ChessBase"]
[SourceDate "2015.01.15"]
[SourceVersion "1"]
[SourceVersionDate "2015.01.15"]
[SourceQuality "1"]

1. d4 Nf6 2. c4 g6 3. Nf3 Bg7 4. g3 c6 5. Bg2 d5 6. cxd5 cxd5 7. O-O O-O 8. Ne5
Ng4 9. Nxg4 Bxg4 10. Nc3 Nc6 11. h3 Be6 12. e4 Nxd4 13. exd5 Bd7 14. Bg5 Nf5
15. g4 Nd6 16. Re1 Re8 17. Rc1 Rc8 18. Ne4 Qa5 19. Rxc8 Rxc8 20. b4 Qxa2 21.
Nc5 Bb5 22. Bxe7 Bf8 23. Bxf8 Rxf8 24. Qd4 b6 25. Ne6 fxe6 26. dxe6 Be8 27. e7
Rf7 28. Bd5 Nb5 29. Bxf7+ Qxf7 30. Qe5 Qg7 31. Qe6+ Qf7 32. Qe5 Qg7 33. Qd5+
Qf7 34. Qe5 1/2-1/2

[Event "RUS-ch 67th"]
[Site "Kazan"]
[Date "2014.11.30"]
[Round "3"]
[White "Grachev, Boris V"]
[Black "Khismatullin, Denis Rimovich"]
[Result "1/2-1/2"]
[WhiteElo "2669"]
[BlackElo "2679"]
[PlyCount "60"]
[EventDate "2014.11.28"]
[EventType "tourn"]
[EventRounds "9"]
[EventCountry "RUS"]
[EventCategory "19"]
[SourceTitle "CBM 164"]
[Source "ChessBase"]
[SourceDate "2015.01.15"]
[SourceVersion "1"]
[SourceVersionDate "2015.01.15"]
[SourceQuality "1"]

1. d4 Nf6 2. c4 e6 3. Nf3 b6 4. g3 Bb7 5. Bg2 Be7 6. O-O O-O 7. Nc3 Ne4 8. Bd2
Bf6 9. Ne5 Nxc3 10. Bxc3 Bxg2 11. Kxg2 c5 12. dxc5 bxc5 13. Qd6 Qb6 14. Rfd1
Qxd6 15. Rxd6 Be7 16. Rd2 d6 17. Nd3 Nc6 18. b3 Rfd8 19. Rad1 f5 20. f4 Kf7 21.
Nb2 h6 22. h4 g5 23. hxg5 hxg5 24. Rh1 gxf4 25. gxf4 Rg8+ 26. Kf1 Raf8 27. Rh7+
Ke8 28. Rh6 Kf7 29. Rh7+ Ke8 30. Rh6 Kf7 1/2-1/2

[Event "RUS-ch 67th"]
[Site "Kazan"]
[Date "2014.12.01"]
[Round "4"]
[White "Jakovenko, Dmitrij"]
[Black "Karjakin, Sergey"]
[Result "1/2-1/2"]
[WhiteElo "2745"]
[BlackElo "2770"]
[PlyCount "49"]
[EventDate "2014.11.28"]
[EventType "tourn"]
[EventRounds "9"]
[EventCountry "RUS"]
[EventCategory "19"]
[SourceTitle "CBM 164"]
[Source "ChessBase"]
[SourceDate "2015.01.15"]
[SourceVersion "1"]
[SourceVersionDate "2015.01.15"]
[SourceQuality "1"]

1. d4 Nf6 2. c4 e6 3. Nf3 b6 4. g3 Ba6 5. Qc2 Bb7 6. Bg2 c5 7. d5 exd5 8. cxd5
Nxd5 9. O-O Be7 10. Rd1 Nc6 11. a3 Nc7 12. Bf4 Ne6 13. e3 Nxf4 14. exf4 O-O 15.
Nc3 d6 16. Rd2 Re8 17. Rad1 h6 18. Ne5 Nd4 19. Rxd4 Bxg2 20. R4d2 Bb7 21. Qb3
Rf8 22. Ng6 Re8 23. Ne5 Rf8 24. Ng6 Re8 25. Ne5 1/2-1/2

[Event "RUS-ch 67th"]
[Site "Kazan"]
[Date "2014.11.30"]
[Round "3"]
[White "Jakovenko, Dmitrij"]
[Black "Lysyj, Igor"]
[Result "1-0"]
[WhiteElo "2745"]
[BlackElo "2686"]
[PlyCount "49"]
[EventDate "2014.11.28"]
[EventType "tourn"]
[EventRounds "9"]
[EventCountry "RUS"]
[EventCategory "19"]
[SourceTitle "CBM 164"]
[Source "ChessBase"]
[SourceDate "2015.01.15"]
[SourceVersion "1"]
[SourceVersionDate "2015.01.15"]
[SourceQuality "1"]

1. Nf3 Nf6 2. c4 e6 3. d4 d5 4. Bg5 dxc4 5. Nc3 a6 6. a4 c5 7. Bxf6 gxf6 8. d5
exd5 9. Nxd5 Bg7 10. e3 Nc6 11. Bxc4 Be6 12. O-O O-O 13. Qc1 Na5 14. Rd1 b5 15.
axb5 axb5 16. Bxb5 Bxd5 17. Qxc5 Nb3 18. Rxa8 Nxc5 19. Rxd8 Rxd8 20. Bc6 Bxc6
21. Rxd8+ Bf8 22. Nd4 Bb7 23. b4 Ne4 24. Nf5 Nc3 25. f3 1-0

[Event "RUS-ch 67th"]
[Site "Kazan"]
[Date "2014.12.06"]
[Round "8"]
[White "Jakovenko, Dmitrij"]
[Black "Morozevich, Alexander"]
[Result "1/2-1/2"]
[WhiteElo "2745"]
[BlackElo "2724"]
[PlyCount "113"]
[EventDate "2014.11.28"]
[EventType "tourn"]
[EventRounds "9"]
[EventCountry "RUS"]
[EventCategory "19"]
[SourceTitle "CBM 164"]
[Source "ChessBase"]
[SourceDate "2015.01.15"]
[SourceVersion "1"]
[SourceVersionDate "2015.01.15"]
[SourceQuality "1"]

1. d4 e6 2. c4 Bb4+ 3. Bd2 a5 4. Nc3 Nf6 5. Nf3 b6 6. e3 Bxc3 7. Bxc3 Ne4 8.
Qc2 Bb7 9. Bd3 Nxc3 10. Qxc3 d6 11. e4 Nd7 12. O-O O-O 13. Rfe1 Qe7 14. Bc2
Rfd8 15. Ba4 c6 16. Rad1 Rdc8 17. Qa3 Ba6 18. Ne5 Nb8 19. d5 c5 20. Nc6 Nxc6
21. Bxc6 Ra7 22. Qc3 e5 23. f4 exf4 24. e5 Rf8 25. b3 Bb7 26. Ba4 Bc8 27. exd6
Qxd6 28. Qe5 Qxe5 29. Rxe5 f6 30. Re4 Kf7 31. Rde1 f5 32. Rxf4 Re7 33. Rff1
Rxe1 34. Rxe1 g5 35. Kf2 Kf6 36. g3 Rd8 37. a3 h6 38. Bc6 Kf7 39. Re2 Kf6 40.
b4 axb4 41. axb4 cxb4 42. Rb2 Bd7 43. Rxb4 Ke5 44. Rxb6 Kd4 45. Bxd7 Rxd7 46.
Rc6 Ra7 47. d6 Ra2+ 48. Ke1 Ke3 49. Kd1 f4 50. gxf4 gxf4 51. Kc1 Ra8 52. c5 Rd8
53. Rc7 f3 54. Rf7 Kd4 55. c6 Rxd6 56. Rd7 Ke5 57. Rxd6 1/2-1/2

[Event "RUS-ch 67th"]
[Site "Kazan"]
[Date "2014.11.28"]
[Round "1"]
[White "Jakovenko, Dmitrij"]
[Black "Nepomniachtchi, Ian"]
[Result "1/2-1/2"]
[WhiteElo "2745"]
[BlackElo "2714"]
[PlyCount "120"]
[EventDate "2014.11.28"]
[EventType "tourn"]
[EventRounds "9"]
[EventCountry "RUS"]
[EventCategory "19"]
[SourceTitle "CBM 164"]
[Source "ChessBase"]
[SourceDate "2015.01.15"]
[SourceVersion "1"]
[SourceVersionDate "2015.01.15"]
[SourceQuality "1"]

1. Nf3 c5 2. c4 Nf6 3. Nc3 d5 4. cxd5 Nxd5 5. e4 Nb4 6. Bc4 Nd3+ 7. Ke2 Nf4+ 8.
Kf1 Ne6 9. b4 g6 10. bxc5 Bg7 11. Ba3 Nc6 12. Rb1 O-O 13. Nd5 Ned4 14. Nxd4
Bxd4 15. h4 h5 16. d3 e6 17. Ne3 Qf6 18. Qd2 Rd8 19. Bb2 Qe5 20. Bxd4 Nxd4 21.
Nc2 Qxc5 22. Nxd4 Qxd4 23. Qb2 Qxb2 24. Rxb2 b6 25. Ke2 Bd7 26. Rc1 Rdc8 27.
Rbc2 a5 28. d4 Ba4 29. Rc3 b5 30. Bd3 Rxc3 31. Rxc3 b4 32. Rc4 Kf8 33. Kd2 Be8
34. Rc7 a4 35. Bc4 b3 36. Kc3 bxa2 37. Bxa2 Rb8 38. d5 exd5 39. exd5 Rb6 40.
Ra7 Kg7 41. Bc4 Bb5 42. Ba2 Rf6 43. f3 Bf1 44. Rxa4 Bxg2 45. f4 Kf8 46. Kd3 Bh3
47. Ke3 Bd7 48. Ra7 Ke8 49. Bc4 Bh3 50. Bb5+ Kf8 51. Ra8+ Kg7 52. Ra6 Bc8 53.
Rc6 Bb7 54. Ke4 Bxc6 55. dxc6 Rf5 56. Kd4 Rxf4+ 57. Kc5 Rf5+ 58. Kb4 Rf4+ 59.
Kc5 Rf5+ 60. Kb4 Rf4+ 1/2-1/2

[Event "RUS-ch 67th"]
[Site "Kazan"]
[Date "2014.12.04"]
[Round "6"]
[White "Jakovenko, Dmitrij"]
[Black "Grachev, Boris V"]
[Result "1/2-1/2"]
[WhiteElo "2745"]
[BlackElo "2669"]
[Annotator "CB"]
[PlyCount "128"]
[EventDate "2014.11.28"]
[EventType "tourn"]
[EventRounds "9"]
[EventCountry "RUS"]
[EventCategory "19"]
[SourceTitle "CBM 164"]
[Source "ChessBase"]
[SourceDate "2015.01.15"]
[SourceVersion "1"]
[SourceVersionDate "2015.01.15"]
[SourceQuality "1"]

1. e4 e6 2. d4 d5 3. Nc3 Nf6 4. e5 Nfd7 5. f4 c5 6. Nf3 Nc6 7. Be3 cxd4 8. Nxd4
Qb6 9. Qd2 Qxb2 10. Rb1 Qa3 11. Bb5 Nxd4 12. Bxd4 a6 13. Bxd7+ Bxd7 14. Rb3 Qe7
15. Rxb7 Rc8 16. O-O Qa3 17. Rfb1 Bc5 18. Ne2 Bxd4+ 19. Nxd4 Rc4 20. R7b4 O-O
21. Rxc4 dxc4 22. c3 Qc5 23. Qb2 Bb5 24. Qb4 Qd5 25. Re1 Qd7 26. h3 Rd8 27. Qa5
g6 28. Rb1 Qe8 29. Rb4 Rxd4 $1 30. cxd4 Qd7 31. Qb6 Qd5 32. f5 (32. Qd6 Qe4 $11
) 32... exf5 33. Qd6 Qe4 34. e6 fxe6 (34... Qxe6 35. Qxe6 fxe6 36. a4 $18) 35.
a4 Qe3+ 36. Kh2 f4 $1 37. Qd8+ (37. axb5 Qg3+ $11) 37... Kf7 38. Qh4 Qd2 $1 39.
Qxh7+ Kf6 40. Qh8+ (40. Qh4+ $1 g5 41. Qh6+ Kf7 (41... Kf5 42. d5 $3 exd5 (
42... Qxd5 43. axb5 $18) 43. Qf8+ Kg6 44. h4 $1 {and white wins. Only a
machine would find this.}) 42. Rb1 $16) 40... Kf7 41. Qh7+ Kf6 42. Qh4+ g5 43.
Qh6+ Kf7 44. Rb1 Qd3 45. axb5 Qxb1 46. bxa6 Qd3 47. Qxg5 Qxd4 48. a7 Qxa7 49.
Qxf4+ Kg7 50. Qxc4 Qb8+ 51. Kg1 Qa7+ 52. Kh2 Qb8+ 53. g3 Qb2+ 54. Kg1 e5 55.
Qe4 Qa1+ 56. Kg2 Qa2+ 57. Kf1 Qa1+ 58. Kf2 Qa2+ 59. Kf3 Qf7+ 60. Kg4 Qd7+ 61.
Kg5 Qd8+ 62. Kf5 Qd7+ 63. Kxe5 Qc7+ 64. Kf5 Qxg3 1/2-1/2

[Event "RUS-ch 67th"]
[Site "Kazan"]
[Date "2014.12.06"]
[Round "8"]
[White "Karjakin, Sergey"]
[Black "Svidler, Peter"]
[Result "1/2-1/2"]
[WhiteElo "2770"]
[BlackElo "2743"]
[PlyCount "81"]
[EventDate "2014.11.28"]
[EventType "tourn"]
[EventRounds "9"]
[EventCountry "RUS"]
[EventCategory "19"]
[SourceTitle "CBM 164"]
[Source "ChessBase"]
[SourceDate "2015.01.15"]
[SourceVersion "1"]
[SourceVersionDate "2015.01.15"]
[SourceQuality "1"]

1. e4 e5 2. Nf3 Nc6 3. Bb5 a6 4. Ba4 Nf6 5. O-O Be7 6. Re1 b5 7. Bb3 O-O 8. a4
b4 9. d4 d6 10. dxe5 dxe5 11. Nbd2 Bc5 12. a5 h6 13. h3 Qd6 14. Qe2 Be6 15. Nc4
Qe7 16. Be3 Rab8 17. Red1 Nxe4 18. Ba4 Ng3 19. fxg3 Bxc4 20. Qxc4 Bxe3+ 21. Kh2
Nxa5 22. Qe4 Bb6 23. Rd5 Nb7 24. Rxe5 Qf6 25. Qxb4 Nc5 26. Qf4 Qxf4 27. gxf4
Ba7 28. b3 Rb4 29. Bc6 Rxf4 30. Ra5 Ne6 31. Rxa6 Bc5 32. Re1 Nd4 33. Nxd4 Rxd4
34. Re2 h5 35. Ra4 Rfd8 36. Rxd4 Bxd4 37. Re8+ Rxe8 38. Bxe8 Kf8 39. Bc6 h4 40.
g4 hxg3+ 41. Kxg3 1/2-1/2

[Event "RUS-ch 67th"]
[Site "Kazan"]
[Date "2014.12.04"]
[Round "6"]
[White "Karjakin, Sergey"]
[Black "Zvjaginsev, Vadim"]
[Result "1-0"]
[WhiteElo "2770"]
[BlackElo "2655"]
[PlyCount "75"]
[EventDate "2014.11.28"]
[EventType "tourn"]
[EventRounds "9"]
[EventCountry "RUS"]
[EventCategory "19"]
[SourceTitle "CBM 164"]
[Source "ChessBase"]
[SourceDate "2015.01.15"]
[SourceVersion "1"]
[SourceVersionDate "2015.01.15"]
[SourceQuality "1"]

1. e4 d6 2. d4 Nf6 3. Nc3 g6 4. f4 Bg7 5. Bd3 O-O 6. Nf3 Na6 7. O-O c5 8. d5
Bg4 9. Bc4 Nc7 10. h3 Bd7 11. a4 a6 12. e5 Nfe8 13. a5 Bh8 14. Be3 Ng7 15. Qd3
Rb8 16. Bf2 b5 17. axb6 Rxb6 18. b3 Nb5 19. Ne4 Bf5 20. Rfe1 Ne8 21. Qd2 Bg7
22. Bh4 Qc7 23. Rad1 Rb8 24. Ng3 Bc8 25. Bxb5 axb5 26. exd6 exd6 27. Be7 b4 28.
f5 Bd7 29. Qf4 Nf6 30. fxg6 fxg6 31. Qxd6 Qxd6 32. Bxd6 Rbd8 33. Bxf8 Bxf8 34.
Ne5 Bb5 35. Ne4 Ne8 36. d6 Nxd6 37. Nxc5 Rc8 38. Ncd7 1-0

[Event "RUS-ch 67th"]
[Site "Kazan"]
[Date "2014.11.30"]
[Round "3"]
[White "Karjakin, Sergey"]
[Black "Vitiugov, Nikita"]
[Result "1/2-1/2"]
[WhiteElo "2770"]
[BlackElo "2738"]
[PlyCount "81"]
[EventDate "2014.11.28"]
[EventType "tourn"]
[EventRounds "9"]
[EventCountry "RUS"]
[EventCategory "19"]
[SourceTitle "CBM 164"]
[Source "ChessBase"]
[SourceDate "2015.01.15"]
[SourceVersion "1"]
[SourceVersionDate "2015.01.15"]
[SourceQuality "1"]

1. Nf3 d5 2. g3 c6 3. Bg2 Bg4 4. c4 e6 5. cxd5 Bxf3 6. Bxf3 cxd5 7. O-O Nf6 8.
d4 Nc6 9. e3 Be7 10. Nc3 O-O 11. Bd2 Ne8 12. Qe2 Nd6 13. Rfd1 Qd7 14. Rac1 Rac8
15. Kg2 Bf6 16. Be1 Ne7 17. b3 Rc7 18. Qb2 Rfc8 19. Ne2 Rxc1 20. Nxc1 Rc7 21.
Nd3 Nc6 22. h4 Qc8 23. Nf4 Be7 24. Bg4 f5 25. Bf3 Ne4 26. Rc1 Bd6 27. Nd3 Nb8
28. Rxc7 Qxc7 29. b4 Nd7 30. Nc5 Kf7 31. Bh5+ g6 32. Be2 Be7 33. a4 Nd6 34.
Nxd7 Qxd7 35. Qc2 a6 36. a5 h5 37. Kf1 Nb5 38. Bd3 Nd6 39. Be2 Nb5 40. Bd3 Nd6
41. Be2 1/2-1/2

[Event "RUS-ch 67th"]
[Site "Kazan"]
[Date "2014.11.28"]
[Round "1"]
[White "Karjakin, Sergey"]
[Black "Khismatullin, Denis Rimovich"]
[Result "1/2-1/2"]
[WhiteElo "2770"]
[BlackElo "2679"]
[PlyCount "137"]
[EventDate "2014.11.28"]
[EventType "tourn"]
[EventRounds "9"]
[EventCountry "RUS"]
[EventCategory "19"]
[SourceTitle "CBM 164"]
[Source "ChessBase"]
[SourceDate "2015.01.15"]
[SourceVersion "1"]
[SourceVersionDate "2015.01.15"]
[SourceQuality "1"]

1. e4 c5 2. Nf3 d6 3. d4 cxd4 4. Nxd4 Nf6 5. Nc3 a6 6. h3 e5 7. Nb3 Be6 8. Be3
Nc6 9. Qf3 Rc8 10. O-O-O Nb4 11. Kb1 Qc7 12. a3 Nxc2 13. Kxc2 Qc6 14. Nd2 d5
15. exd5 Nxd5 16. Nc4 Nxc3 17. Qxc6+ Rxc6 18. bxc3 Bxc4 19. Bxc4 Rxc4 20. Rd5
Be7 21. Rb1 Rc7 22. Rxe5 O-O 23. Bb6 Rd7 24. Rbe1 Bf6 25. R5e4 h5 26. c4 Kh7
27. Rd1 Rxd1 28. Kxd1 Rc8 29. Kc2 Kg8 30. Kb3 Kf8 31. a4 Be7 32. c5 Ke8 33. Kc4
Rc6 34. Re5 g6 35. Ba5 Rf6 36. Bb4 Kd7 37. f3 Rc6 38. Rd5+ Ke8 39. Bc3 b6 40.
Bb4 Rc8 41. g4 hxg4 42. hxg4 Rc6 43. g5 f6 44. f4 fxg5 45. fxg5 Re6 46. Kd3 Rc6
47. Kd4 Re6 48. Ba3 Kf7 49. Rd7 Ke8 50. Ra7 bxc5+ 51. Bxc5 Bxc5+ 52. Kxc5 Re5+
53. Kd6 Rxg5 54. Rxa6 Kf7 55. a5 Rg1 56. Rb6 Ra1 57. a6 Kf6 58. Kc7+ Kf5 59.
Rb5+ Kf4 60. Kb6 Rxa6+ 61. Kxa6 g5 62. Rb8 g4 63. Kb5 g3 64. Kc4 g2 65. Rg8 Kf3
66. Kd3 Kf2 67. Rf8+ Ke1 68. Re8+ Kf2 69. Rf8+ 1/2-1/2

[Event "RUS-ch 67th"]
[Site "Kazan"]
[Date "2014.11.29"]
[Round "2"]
[White "Khismatullin, Denis Rimovich"]
[Black "Zvjaginsev, Vadim"]
[Result "0-1"]
[WhiteElo "2679"]
[BlackElo "2655"]
[PlyCount "94"]
[EventDate "2014.11.28"]
[EventType "tourn"]
[EventRounds "9"]
[EventCountry "RUS"]
[EventCategory "19"]
[SourceTitle "CBM 164"]
[Source "ChessBase"]
[SourceDate "2015.01.15"]
[SourceVersion "1"]
[SourceVersionDate "2015.01.15"]
[SourceQuality "1"]

1. Nf3 c5 2. c4 Nc6 3. Nc3 g6 4. e3 Nf6 5. d4 cxd4 6. exd4 d5 7. cxd5 Nxd5 8.
Qb3 e6 9. Bb5 Bg7 10. O-O O-O 11. Bxc6 bxc6 12. Na4 Ba6 13. Re1 Rb8 14. Qd1 c5
15. Nxc5 Bb7 16. b3 Ba8 17. Bg5 Nf6 18. Rc1 Rc8 19. Ne5 Qd5 20. f3 Ng4 21. Bf4
g5 22. Bg3 h5 23. Rc2 h4 24. Nxg4 hxg3 25. Rd2 gxh2+ 26. Kh1 Rfd8 27. Ne4 Qf5
28. Nef6+ Kf8 29. Nh5 Bh8 30. Qe2 Rxd4 31. Rxd4 Bxd4 32. Rd1 Rc2 33. Rd2 Rc1+
34. Rd1 Rc2 35. Rd2 Rc1+ 36. Rd1 Qb1 37. Rxc1 Qxc1+ 38. Kxh2 Qg1+ 39. Kh3 Qh1+
40. Nh2 Bg1 41. Qe5 g4+ 42. Kxg4 Qxg2+ 43. Ng3 Bf2 44. Nhf1 Qxf3+ 45. Kh3 Bd5
46. Qb8+ Kg7 47. Qe5+ Kg6 0-1

[Event "RUS-ch 67th"]
[Site "Kazan"]
[Date "2014.12.01"]
[Round "4"]
[White "Khismatullin, Denis Rimovich"]
[Black "Svidler, Peter"]
[Result "1/2-1/2"]
[WhiteElo "2679"]
[BlackElo "2743"]
[Annotator "CB"]
[PlyCount "82"]
[EventDate "2014.11.28"]
[EventType "tourn"]
[EventRounds "9"]
[EventCountry "RUS"]
[EventCategory "19"]
[SourceTitle "CBM 164"]
[Source "ChessBase"]
[SourceDate "2015.01.15"]
[SourceVersion "1"]
[SourceVersionDate "2015.01.15"]
[SourceQuality "1"]

1. Nf3 g6 2. e4 Nf6 3. e5 Nh5 4. d4 d6 5. Be2 Nc6 6. exd6 exd6 7. O-O Bg7 8.
Nc3 O-O 9. Bg5 Bf6 10. Bh6 Bg7 11. Bg5 Bf6 12. Bh6 Bg7 13. Qd2 d5 14. Rfe1 Ne7
15. Bd3 c6 16. h3 Bxh6 17. Qxh6 Kh8 18. Ng5 Nf6 19. Qh4 Neg8 20. Ne2 Kg7 21.
Nf4 Bd7 22. Re5 Qb6 23. Rae1 Rae8 24. b3 Qd8 25. Qg3 Re7 26. h4 Ng4 27. Nge6+
$2 (27. Rxe7 $1 {Was correct. White msut keep pushing his attack instead of
trading pieces.} Nxe7 28. f3 $1 (28. h5 $5) 28... Nf6 29. Re6 $1 {A
spectacular blow forcing Black back.} Neg8 $8 (29... fxe6 30. Ngxe6+ Bxe6 31.
Nxe6+ Kg8 32. Nxd8 $18) (29... Ne8 30. h5 {is too much pressure.})) 27... Bxe6
28. Nxe6+ Rxe6 29. Rxe6 fxe6 30. Qxg4 {Now Black has almost nothing to worry
about.} Qf6 31. Re2 Nh6 32. Qxe6 Qxd4 33. g3 Ng4 34. c3 Qxd3 35. Qxg4 Qxc3 36.
Re7+ Rf7 37. Rxf7+ Kxf7 38. Qd7+ Kf6 39. Qd6+ Kf7 40. Qd7+ Kf6 41. Qd6+ Kf7
1/2-1/2

[Event "RUS-ch 67th"]
[Site "Kazan"]
[Date "2014.12.05"]
[Round "7"]
[White "Khismatullin, Denis Rimovich"]
[Black "Nepomniachtchi, Ian"]
[Result "1/2-1/2"]
[WhiteElo "2679"]
[BlackElo "2714"]
[PlyCount "84"]
[EventDate "2014.11.28"]
[EventType "tourn"]
[EventRounds "9"]
[EventCountry "RUS"]
[EventCategory "19"]
[SourceTitle "CBM 164"]
[Source "ChessBase"]
[SourceDate "2015.01.15"]
[SourceVersion "1"]
[SourceVersionDate "2015.01.15"]
[SourceQuality "1"]

1. Nf3 c5 2. c4 Nf6 3. d4 cxd4 4. Nxd4 g6 5. Nc3 d5 6. cxd5 Nxd5 7. Ndb5 Nxc3
8. Qxd8+ Kxd8 9. Nxc3 Bg7 10. Bd2 Nc6 11. g3 Be6 12. Bg2 Rc8 13. O-O Ke8 14.
Rfd1 f5 15. Na4 Kf7 16. Bc3 b6 17. Bxg7 Kxg7 18. Bxc6 Rxc6 19. Nc3 Rc5 20. Rd4
Rb8 21. f4 b5 22. a3 a5 23. Kf2 Bb3 24. Rd3 Rc6 25. Re3 Rb7 26. Nd1 Bf7 27. Rc3
Rd6 28. Ke1 e5 29. fxe5 Rd5 30. Rac1 Rxe5 31. Rc7 Rxc7 32. Rxc7 Kf6 33. Kd2
Rd5+ 34. Ke1 Re5 35. Kd2 Rd5+ 36. Ke1 b4 37. axb4 axb4 38. Nf2 Ra5 39. Nd3 Ra1+
40. Rc1 Rxc1+ 41. Nxc1 Bc4 42. b3 Ke5 1/2-1/2

[Event "RUS-ch 67th"]
[Site "Kazan"]
[Date "2014.12.07"]
[Round "9"]
[White "Khismatullin, Denis Rimovich"]
[Black "Jakovenko, Dmitrij"]
[Result "1/2-1/2"]
[WhiteElo "2679"]
[BlackElo "2745"]
[Annotator "CB"]
[PlyCount "76"]
[EventDate "2014.11.28"]
[EventType "tourn"]
[EventRounds "9"]
[EventCountry "RUS"]
[EventCategory "19"]
[SourceTitle "CBM 164"]
[Source "ChessBase"]
[SourceDate "2015.01.15"]
[SourceVersion "1"]
[SourceVersionDate "2015.01.15"]
[SourceQuality "1"]

1. c4 c6 2. Nf3 d5 3. e3 Nf6 4. Nc3 e6 5. d4 Nbd7 6. Qc2 Bd6 7. g4 {A rare
guest in top level chess nowadays, the Shirov-Shabalov attack against the
Semi-Slav has lost ground in popularity, but it is still an interesting way to
play.} h6 8. Rg1 e5 9. cxd5 cxd5 10. Nb5 Bb8 11. g5 hxg5 12. Nxg5 e4 13. Bd2
Nb6 14. Rc1 Bd7 15. Nc7+ Bxc7 16. Qxc7 Qxc7 17. Rxc7 Rc8 18. Rxb7 Rc2 19. Bb4 {
The novelty of the game, actually but not something that will revive the line.}
(19. Rb8+ $6 Bc8 20. Bb5+ {Aleksandrov-Yakovich, 2008.} Nfd7 $1 $17) 19... Rxb2
20. Bc5 Rb1+ 21. Ke2 Rb2+ 22. Ke1 Rb1+ 23. Ke2 Bb5+ {Already Jakovenko thinks
about winning this game.} 24. Kd2 Nfd7 25. Bxb5 Rxb5 26. Nxf7 $1 Kxf7 27. Bxb6
Ke6 28. Rxg7 Nxb6 29. Rbe7+ Kd6 30. Rxa7 {The piece is compensated. Not by the
pawns, which are weak and isolated, but by the rooks activity and Black's weak
king.} Rh6 31. Ra6 Rxh2 32. a4 Rb2+ 33. Kc1 Rhxf2 34. a5 Rbc2+ 35. Kd1 Rcd2+
36. Kc1 Rc2+ 37. Kd1 Rcd2+ 38. Kc1 Rc2+ 1/2-1/2

[Event "RUS-ch 67th"]
[Site "Kazan"]
[Date "2014.11.29"]
[Round "2"]
[White "Lysyj, Igor"]
[Black "Svidler, Peter"]
[Result "1/2-1/2"]
[WhiteElo "2686"]
[BlackElo "2743"]
[PlyCount "62"]
[EventDate "2014.11.28"]
[EventType "tourn"]
[EventRounds "9"]
[EventCountry "RUS"]
[EventCategory "19"]
[SourceTitle "CBM 164"]
[Source "ChessBase"]
[SourceDate "2015.01.15"]
[SourceVersion "1"]
[SourceVersionDate "2015.01.15"]
[SourceQuality "1"]

1. d4 Nf6 2. c4 g6 3. Nc3 d5 4. Bf4 Bg7 5. e3 c5 6. dxc5 Qa5 7. Rc1 dxc4 8.
Bxc4 O-O 9. Nge2 Nc6 10. O-O Qxc5 11. Nb5 Be6 12. Bd3 Qb4 13. a3 Qb3 14. Ned4
Nxd4 15. Nxd4 Qxd1 16. Rfxd1 Nd5 17. Nxe6 fxe6 18. Rc2 Rac8 19. Rxc8 Rxc8 20.
Rb1 Nxf4 21. exf4 Rd8 22. Bc4 Kf7 23. b3 Rd2 24. Re1 Bd4 25. Rxe6 Bxf2+ 26. Kf1
Kf8 27. Re2 Rxe2 28. Kxe2 Bc5 29. a4 Bd6 30. Kf3 e5 31. fxe5 Bxe5 1/2-1/2